Giacomo Puccini e i suoi antenati musicali

Збережено в:
Бібліографічні деталі
Автор: Bonaccorsi, Alfredo (Автор)
Формат: Книга
Мова:Італійська мова
Опубліковано: Milán Curci 1950
Предмети:
Теги: Додати тег
Немає тегів, Будьте першим, хто поставить тег для цього запису!

MARC

LEADER 00000nam a2200000 a 4500
001 UCN2169
003 CL-VaPUC
008 010511e19500000IT |||||||||||||||||ita|d
082 0 4 |a 780.92  |b BON  |2 21 
100 0 |a Bonaccorsi, Alfredo  |e author  |9 457848 
245 1 0 |a Giacomo Puccini e i suoi antenati musicali 
300 |a 117 p 
942 |c BK 
945 |d 20010511 00:00:00  |a crobeson 
260 |a Milán  |b Curci  |c 1950 
600 0 |a Puccini, Giacomo  |9 306246 
650 0 |a Compositores italianos  |9 329309 
650 7 |a OPERA ITALIANA  |2 CL-VaPUC  |9 457849 
583 |a last modification  |c 20010511 00:00:00  |k Rodrigo Vera 
999 |c 295327  |d 295325